| 000 | 01138nam a2200313 i 4500 | ||
|---|---|---|---|
| 001 | 70963 | ||
| 003 | Mx-PuUPA | ||
| 005 | 20240424120745.0 | ||
| 008 | 240424s2017 nyu||||| |||| 00| 0 spa d | ||
| 020 |
_a9781138956230 _qrústica |
||
| 040 |
_aMx-PuUPA _bspa _cMx-PuUPA _dMx-PuUPA _erda |
||
| 041 | 0 | _aeng | |
| 100 | 1 |
_aRabiger, Michael, _d1939- _96996 _eautor |
|
| 245 | 1 | 0 |
_aDeveloping story ideas : _bthe power and purpose of storytelling / _cMichael Rabiger |
| 250 | _aThird edition | ||
| 264 | 1 |
_aNew York, NY : _bTaylor & Francis Group : Routledge, _c©2017 |
|
| 300 |
_axi, 218 páginas : _bilustraciones, tablas ; _c23 cm |
||
| 336 |
_2rdacontent _atexto _btxt |
||
| 336 |
_2rdacontent _aimagen fija _bsti |
||
| 337 |
_2rdamedia _asin medio _bn |
||
| 338 |
_2rdacarrier _avolumen _bnc |
||
| 650 | 7 |
_2armarc _aArte de escribir para el cine |
|
| 650 | 7 |
_2armarc _aDramaturgía |
|
| 650 | 7 |
_2armarc _aArgumentos, [Drama, novela, etc.,] |
|
| 942 |
_2ddc _cLI _h808.23 _iR112 |
||
| 999 |
_c70963 _d70963 |
||